Полное собрание сочинений и писем (Запись № 464095)
[ простой вид ]
| 000 -МАРКЕР | |
|---|---|
| контрольное поле | 01246nam1a2200337 i 4500 |
| 001 - ИДЕНТИФИКАТОР ЗАПИСИ | |
| контрольное поле | RU\NLR\bibl\85190 |
| 005 - ИДЕНТИФИКАТОР ВЕРСИИ | |
| контрольное поле | 20260406114703.0 |
| 010 ## - МЕЖДУНАРОДНЫЙ СТАНДАРТНЫЙ НОМЕР КНИГИ (ISBN) | |
| Номер (ISBN) | 5-02-011189-9 |
| 035 ## - ДРУГИЕ СИСТЕМНЫЕ НОМЕРА | |
| Идентификатор записи | (NLR Aleph) 000083203 |
| 100 ## - ДАННЫЕ ОБЩЕЙ ОБРАБОТКИ | |
| Данные общей обработки | 20000511g19 9999u y0rusy50 ca |
| 101 0# - ЯЗЫК РЕСУРСА | |
| Язык текста, звукозаписи и т.д. | русский |
| 102 ## - СТРАНА ПУБЛИКАЦИИ ИЛИ ПРОИЗВОДСТВА | |
| Страна публикации | Российская Федерация |
| 105 ## - ПОЛЕ КОДИРОВАННЫХ ДАННЫХ: ТЕКСТОВЫЕ МАТЕРИАЛЫ, МОНОГРАФИЧЕСКИЕ | |
| Кодированные данные о монографическом текстовом документе | a ||||||||| |
| 200 1# - ЗАГЛАВИЕ И СВЕДЕНИЯ ОБ ОТВЕТСТВЕННОСТИ | |
| Основное заглавие | Полное собрание сочинений и писем |
| Сведения, относящиеся к заглавию | В 20 т. |
| Первые сведения об ответственности | А. А. Блок |
| Последующие сведения об ответственности | [Редкол.: ... А. Л. Гришунин (гл. ред.) и др. |
| -- | Рос. акад. наук, Ин-т мировой лит. им. А. М. Горького, Ин-т рус. лит. (Пушк. дом)] |
| 210 ## - ПУБЛИКАЦИЯ, РАСПРОСТРАНЕНИЕ И ДР. | |
| Место издания, распространения и т.д. | М. |
| Имя издателя, распространителя и т. д. | Наука |
| Дата издания, распространения и т.д. | 1999 |
| 215 ## - ФИЗИЧЕСКАЯ ХАРАКТЕРИСТИКА | |
| Размеры | 22 |
| 463 #0 - УРОВЕНЬ ФИЗИЧЕСКОЙ ЕДИНИЦЫ | |
| Встроенное поле | 00179184 |
| 463 #0 - УРОВЕНЬ ФИЗИЧЕСКОЙ ЕДИНИЦЫ | |
| Встроенное поле | 00186862 |
| 463 #0 - УРОВЕНЬ ФИЗИЧЕСКОЙ ЕДИНИЦЫ | |
| Встроенное поле | 001391449 |
| 463 #0 - УРОВЕНЬ ФИЗИЧЕСКОЙ ЕДИНИЦЫ | |
| Встроенное поле | 0011715654 |
| 686 ## - ИНДЕКСЫ ДРУГИХ КЛАССИФИКАЦИЙ | |
| Индекс | Ш6(2=Р)53я44 |
| 700 #1 - ИМЯ ЛИЦА - ПЕРВИЧНАЯ ОТВЕТСТВЕННОСТЬ | |
| Код отношения | Автор |
| Материалы, к которым относится поле | rus |
| Графика поля | Кириллица |
| Начальный элемент ввода | Блок |
| Часть имени, кроме начального элемента ввода | А. А. |
| Даты | 1880-1921 |
| Расширение инициалов личного имени | Александр Александрович |
| Идентификатор авторитетной/нормативной записи | RU\NLR\auth\77311 |
| Системный номер авторитетной/нормативной записи | 110366 |
| 801 #0 - ИСТОЧНИК ЗАПИСИ | |
| Страна | Российская Федерация |
| Организация | NLR |
| Дата составления | 20000511 |
| Правила каталогизации | PSBO |
| 801 #1 - ИСТОЧНИК ЗАПИСИ | |
| Страна | Российская Федерация |
| Организация | NLR |
| Дата составления | 20000511 |
| 830 ## - ОБЩЕЕ ПРИМЕЧАНИЕ, СОСТАВЛЕННОЕ КАТАЛОГИЗАТОРОМ | |
| Текст примечания | Авт. раскрыт по кн. |
| 852 ## - МЕСТОНАХОЖДЕНИЕ И ШИФР ХРАНЕНИЯ | |
| Идентификатор организации | NLR |
| Шифр хранения (Call Number) | 97-5/1251 |
| 942 ## - ДОПОЛНИТЕЛЬНЫЕ ЭЛЕМЕНТЫ ЗАПИСИ (АБИС) | |
| Тип экземпляра АБИС | Книга |
Нет доступных экземпляров.